Basic Optimisation Methods / (Record no. 608986)
[ view plain ]
| 000 -LEADER | |
|---|---|
| fixed length control field | 00327nam a22001337a 4500 |
| 020 ## - INTERNATIONAL STANDARD BOOK NUMBER | |
| International Standard Book Number | 0713135069 |
| 082 ## - DEWEY DECIMAL CLASSIFICATION NUMBER | |
| Classification number | 515 |
| Author Mark | BUN |
| 100 ## - MAIN ENTRY--PERSONAL NAME | |
| Relator code | Bunday, Brain D. |
| 245 ## - TITLE STATEMENT | |
| Title | Basic Optimisation Methods / |
| Statement of responsibility, etc. | Brain D, Bunday |
| 260 ## - PUBLICATION, DISTRIBUTION, ETC. | |
| Place of publication, distribution, etc. | London , |
| Name of publisher, distributor, etc. | Edward Arnold |
| Date of publication, distribution, etc. | 1984. |
| 300 ## - PHYSICAL DESCRIPTION | |
| Extent | 128p. ; |
| 563 ## - BINDING INFORMATION | |
| Binding note | Paperback, |
| 942 ## - ADDED ENTRY ELEMENTS (KOHA) | |
| Source of classification or shelving scheme | |
| Koha item type | Book |
| Withdrawn status | Lost status | Source of classification or shelving scheme | Damaged status | Not for loan | Permanent Location | Current Location | Shelving location | Date acquired | Total Checkouts | Full call number | Barcode | Date last seen | Price effective from | Koha item type |
|---|---|---|---|---|---|---|---|---|---|---|---|---|---|---|
| School of Mechanical & Manufacturing Engineering (SMME) | School of Mechanical & Manufacturing Engineering (SMME) | General Stacks | 04/29/2024 | 515 BUN | SMME-4373 | 04/29/2024 | 04/29/2024 | Book |
